01219nam a22002657a 4500003000500000005001700005007000300022008004100025040001000066090002000076100003500096245017900131264007200310300004900382502009300431700003400524700004200558720004000600720005000640720005100690720004500741942002700786952012300813999001700936CSPC20250207161224.0ta250207s2018 ph a mabs 000 0 eng  cCSPC  aUTH BSOA Ag62o  aAgnes, Florefiel Y. eauthor.  aThe office practice experiences of Bachelor of Science in Office Administration students in Camarines Sur Polytechnic Colleges, Buhi Extension Campus / cFlorefiel Y. Agnes  aBuhi, Camarines Sur: bCamarines Sur Polytechnic Colleges, c2018.  axvii, 96 leaves :billustrations ; c28 cm.  aUndergraduate Theses (BSOA) Office Administration cCamarines Sur Polytechnic Colleges  aBernal, Renalyn T. eauthor.  aPaniterce, Roben Oliver A. eauthor.  aEscolano, Emilda E. MBA eadviser.  aPenetrante, Nancy S. MBA epanelist chairman  aManzano, Maria Teresa J. PhDepanelist member  aFederis, Melany C. MBM epanelist member 2ddcn0cUMkUTH m2018 00102ddc4070aBUHIbBUHIcUTHd2024-09-16l0oUTH BSOA Ag62op00135UM-BUHr2025-02-07 00:00:00t1-1w2024-09-16yUM c28794d28794